1965 1710 1718 1819 1864 1171 1832 1354 1920 1614 1589 1393 1559 1572 1598 1621 1802 1626 1260 1390 1892 1258 1807 1036 1229 1680 1023 1185 1231 1638 1830 1392 1590 1150 1462 1974 1102 1077 1845 1635 1764 1892 1388 1369 1834 1449 1266 1295 1859 1706 1986 1675 1911 1998 1866 1830 1948 1417 1799 1956 1794 1296 1246 1916 1036 1425 1300 1109 1852 1968 1739 1347 1519 1023 1551 1950 1383 1404 1836 1734 1941 1894 1259 1453 1110 1829 1217 1537 1940 1053 1539 1835 1248 1552 1558 1956 1445 1740 1854 BCNSPRNW ULIB Ver.6.0+V

เปลี่ยนเป็นภาษาไทย

Change to English
 แสดงรายละเอียดบรรณานุกรม
  กลับหน้าหลัก

Brief Record : Get Marc (ISO 2709) : E-mail record : QR code < ปิดหน้าต่าง
LEADER : 00000nam 2200000uu 4500
001    13399125201
003     ULIB
008    161110s2559||||th 000 0 tha d
060  0 ^aWY19^bท239
110 1  ^aสมาคมศิษย์เก่าวิทยาลัยพยาบาลบรมราชชนนี กรุงเทพฯ
245 11 ^a7 ทศวรรษแห่งการเป็นผู้นำ 2489 - 2559/^cสมาคมศิษย์เก่าวิทยาลัยพยาบาลบรมราชชนนี กรุงเทพฯ
260    ^aกรุงเทพฯ :^bสมาคมศิษย์เก่าวิทยาลัยพยาบาลบรมราชชนนี กรุงเทพ,^c2559
300    ^a392 หน้า :^bภาพประกอบ ;^c30 ซม.
610 17 ^aสมาคมศิษย์เก่าวิทยาลัยพยาบาลบรมราชชนนี กรุงเทพ^xประวัติ
610 17 ^aสมาคมศิษย์เก่าวิทยาลัยพยาบาลบรมราชชนนี กรุงเทพ^xทำเนียบนาม
650  4 ^aการพยาบาล
945    ^p0^l0^i001484
999    ^aวรรณษา ชูชัยมงคล
รายการนี้ยังไม่มีแท็ก
คุณยังไม่ได้ล็อกอิน คุณสามารถมีกิจกรรมร่วมกับเว็บไซต์ได้ แต่ต้องล็อกอินก่อน ::
  ล็อกอิน

รายการสื่อสารสนเทศ

ลำดับที่ ประเภท เลขเรียก/บาร์โค้ด สถานที่ สถานะ
1. การศึกษาทั่วไป
การศึกษาทั่วไป
WY19 ท239 ฉ.1 
  Barcode: 001484
ห้องสมุดวิทยาเขตสวรรค์ประชารักษ์
►หนังสือทั่วไป
บนชั้น

รายการใกล้เคียง
    หัวเรื่อง [การพยาบาล]

BibComment


ยังไม่เคยถูกคอมเมนท์

คอมเมนท์ทรัพยากรรายการนี้
  คอมเมนท์: 7 ทศวรรษแห่งการเ..


 Copyright 2026. Bcnsprnw @Library